Excavations at La Venta, Tabasco, 1955 /

Gespeichert in:
Bibliographische Detailangaben
1. Verfasser: Drucker, Philip (autor)
Weitere Verfasser: Heizer, Robert F. (autor) (autor), Squier, Robert J. (autor) (autor)
Format: Buch
Sprache:Englisch
Veröffentlicht: Washington, EUA : United States, Government Printing Office, 1959
Tags: Tag hinzufügen
Keine Tags, Fügen Sie das erste Tag hinzu!

MARC

LEADER 00000nam^a2200000^a^4500
001 000557982
005 20250526000000.0
009 20260310131811.614
037 |a Acervo ITESO - Biblioteca 
041 |a ING 
091 |a FHA. 01941 
100 |a Drucker, Philip  |e (autor) 
245 1 0 |a Excavations at La Venta, Tabasco, 1955 / 
264 1 |a Washington, EUA :  |b United States, Government Printing Office,  |c 1959 
300 |a VIII, 312 p., 63 láminas ;  |c 23.5 cm. 
336 |a texto  |b txt  |2 rdacontenido 
337 |a sin mediación  |b n  |2 rdamedio 
338 |a volumen  |b nc  |2 rdasoporte 
515 |a Inventario familia Hartung: 2499 
649 |a XX 
700 |a Heizer, Robert F.  |e (autor) 
700 |a Squier, Robert J.  |e (autor) 
910 |a Fondo Horst Hartung Franz 
920 |a Impresos - Libros 
930 |a Libros Antiguos y Raros 
905 |a 135 
901 |a 0500332095  |b IT2  |c LRA  |i D  |u 20250526 
902 |a https://opac.biblio.iteso.mx/vufind/Record/000557982